000 00843nam a22002297a 4500
001 0000003826
003 PPM
005 20260424103839.0
008 260424b ||||| |||| 00| 0 eng d
020 _a967903075X
_qPaperback
035 _a0000003826
040 _bMalay
_cPusat Penyelidikan Mineral, Jabatan Mineral Dan Geosains Malaysia
_dPPM
_eRDA
082 0 0 _222
_a395
_bBUD 2005
245 1 0 _aBudi Bahasa Budaya Kita : Buku Panduan
260 1 _aKuala Lumpur :
_bKementerian Kebudayaan, Kesenian dan Warisan,
_c2005
300 0 0 _av, 64 pages .:
_bsome colour, illustrations .;
_c21 cm
650 1 0 _aManners and customs
650 2 0 _aEtiquette
_xHandbooks, manuals, etc.
650 2 0 _aMalays (Asian people)
_xSocial life and customs
710 2 _aMalaysia.
_bKementerian Perpaduan, Kebudayaan, Kesenian dan Warisan
942 _2ddc
_cBK
999 _c27230
_d27230